(30) - 50 villes les plus peuplées du Gard (30) - Statistiques

Statistiques générales
  • Ce quiz a été pris 24 fois
  • Le résultat moyen est 16 sur 50
Statistiques - réponses
nombre d'habitant ville % Correct
46 125 Alès
100%
151 839 Nîmes
100%
8 519 Uzès
77%
15 692 Beaucaire
73%
14 734 Saint-Gilles
64%
18 112 Bagnols-sur-Cèze
59%
11 671 Vauvert
59%
13 148 Villeneuve-lès-Avignon
55%
8 699 Aigues-Mortes
50%
8 588 Le Grau-du-Roi
50%
10 958 Pont-Saint-Esprit
45%
3 863 Le Vigan
41%
5 073 Sommières
41%
8 346 Marguerittes
36%
5 788 Vergèze
36%
5 705 Aimargues
32%
8 035 Bellegarde
32%
6 070 Bouillargues
32%
7 310 Saint-Christol-lez-Alès
32%
6 486 Calvisson
27%
4 783 La Grand-Combe
27%
8 908 Les Angles
27%
3 528 Quissac
27%
5 381 Garons
23%
6 835 Laudun-l'Ardoise
23%
7 044 Manduel
23%
6 297 Milhaud
23%
8 117 Rochefort-du-Gard
23%
3 533 Saint-Julien-les-Rosiers
23%
5 703 Saint-Privat-des-Vieux
23%
4 879 Uchaud
23%
4 081 Aramon
18%
4 079 Caissargues
18%
4 386 Clarensac
18%
3 659 Gallargues-le-Montueux
18%
4 046 Générac
18%
4 348 Poulx
18%
3 445 Saint-Ambroix
18%
4 840 Saint-Martin-de-Valgalgues
18%
6 066 Beauvoisin
14%
3 875 Jonquières-Saint-Vincent
14%
4 211 Redessan
14%
5 529 Roquemaure
14%
4 456 Rousson
14%
4 670 Saint-Hilaire-de-Brethmas
14%
3 737 Saint-Hippolyte-du-Fort
14%
3 690 Saint-Laurent-d'Aigouze
14%
3 648 Salindres
14%
4 408 Caveirac
9%
3 982 Pujaut
9%
Aucun quiz correspondant
Distribution des résultats
% des personnes avec chaque résultat
Percentile par nombre de réponses
Votre historique - résultats
Vous n’avez pas pris ce quiz